|
|
|
|
| LEADER |
00000nam0a2200000 4500 |
| 001 |
209272 |
| 005 |
20231101225528.0 |
| 010 |
|
|
|a 9785396004191
|
| 035 |
|
|
|a (RuTPU)RU\TPU\book\228595
|
| 090 |
|
|
|a 209272
|
| 100 |
|
|
|a 20120210d2012 k y0rusy50 ca
|
| 101 |
0 |
|
|a rus
|
| 102 |
|
|
|a RU
|
| 105 |
|
|
|a a z 001zy
|
| 200 |
1 |
|
|a Биофизическая экология
|e [монография]
|f В. А. Твердислов, А. Э. Сидорова, Л. В. Яковенко
|g Московский государственный университет им. М. В. Ломоносова (МГУ), Физический факультет ; авт. предисл. В. Т. Трофимов
|
| 210 |
|
|
|a Москва
|c КРАСАНД
|d 2012
|
| 215 |
|
|
|a 544 с.
|c ил.
|
| 320 |
|
|
|a Библиогр. в конце гл.
|
| 330 |
|
|
|a Настоящая монография посвящена развитию представлений о биофизической экологии как о важном фундаментальном направлении в пространстве наук о Земле, жизни и ноосфере. Авторы распространяют биофизические подходы и методы, успешно зарекомендовавшие себя в изучении структуры и функций живой материи на молекулярном и клеточном уровне, на макроскопический уровень биогеосферы, включая новейшие представления о ее эволюции. В книге кратко изложены основные положения классической экологии, а также современные представления о биофизических механизмах функционирования живых систем и синергетического видения эволюции иерархически сопряженных биогеофизических и экоосистем. Материалы издания охватывают широкий круг проблем, начиная от физико-химических основ происхождения жизни на Земле и заканчивая рассмотрением биофизических аспектов эволюции биосферы; при этом в работе системно объединяются подходы и достижения фундаментальных естественных наук в области теоретической экологии. Книга адресована широкому кругу специалистов, работающих в области биофизики, теоретической и прикладной экологии, природопользования, природоохранной деятельности, преподавателям, студентам и аспирантам естественно-научных факультетов вузов, а также всем интересующимся вопросами фундаментальной экологии. Авторы предполагают продолжить настоящее издание, включив в него следующие разделы: структурно-функциональные особенности развития экосистем, динамика и устойчивость природно-антропогенных экосистем, моделирование как универсальный инструмент экологии, потоки энергии и вещества в биогеосфере и глобальные изменения климата на современном этапе, медико-биофизические и эколого-экономическне аспекты экологии, условия и критерии устойчивого неравновесия ноосферы.
|
| 606 |
1 |
|
|a Биофизическая экология
|2 stltpush
|3 (RuTPU)RU\TPU\subj\71525
|9 85401
|
| 610 |
1 |
|
|a биогеосфера
|
| 610 |
1 |
|
|a биологические системы
|
| 610 |
1 |
|
|a описание
|
| 610 |
1 |
|
|a физико-химические основы
|
| 610 |
1 |
|
|a экология
|
| 610 |
1 |
|
|a самоорганизующиеся системы
|
| 610 |
1 |
|
|a синергетика
|
| 610 |
1 |
|
|a живые клетки
|
| 610 |
1 |
|
|a эволюция
|
| 610 |
1 |
|
|a биотехнологический реактор
|
| 675 |
|
|
|a 577.3
|v 3
|
| 700 |
|
1 |
|a Твердислов
|b В. А.
|g Всеволод Александрович
|
| 701 |
|
1 |
|a Сидорова
|b А. Э.
|g Алла Эдуардовна
|
| 701 |
|
1 |
|a Яковенко
|b Л. В.
|g Леонид Владимирович
|
| 702 |
|
1 |
|a Трофимов
|b В. Т.
|g Виктор Титович
|4 080
|
| 712 |
0 |
2 |
|a Московский государственный университет им. М. В. Ломоносова (МГУ)
|b Физический факультет
|2 stltpush
|3 (RuTPU)RU\TPU\col\7
|
| 801 |
|
1 |
|a RU
|b 63413507
|c 20120210
|
| 801 |
|
2 |
|a RU
|b 63413507
|c 20150526
|g RCR
|
| 942 |
|
|
|c BK
|
| 959 |
|
|
|a 22/20120210
|d 2
|e 467,83
|f ЧЗТЛ:1
|f АНЛ:1
|